| 000 | 00430nam a22001697a 4500 | ||
|---|---|---|---|
| 003 | NUST - PNEC | ||
| 005 | 20170116181058.0 | ||
| 008 | 151002b xxu||||| |||| 00| 0 eng d | ||
| 020 | _a0749433264 | ||
| 040 | _cLIBRARY | ||
| 082 | _a004.692 FLY | ||
| 100 |
_912155 _aFlynn, Nancy |
||
| 245 |
_aWriting effective e-mail _cNancy Flynn |
||
| 260 | _c2000 | ||
| 650 |
_912156 _aElectronic mail messages _xGeneral |
||
| 942 |
_2ddc _cBK |
||
| 999 |
_c68624 _d68624 |
||